Intercultural Learning : (Record no. 176870)
[ view plain ]
| 000 -LEADER | |
|---|---|
| fixed length control field | 00512 a2200169 4500 |
| 003 - CONTROL NUMBER IDENTIFIER | |
| control field | NUST |
| 005 - DATE AND TIME OF LATEST TRANSACTION | |
| control field | 20230102160412.0 |
| 020 ## - INTERNATIONAL STANDARD BOOK NUMBER | |
| International Standard Book Number | 9780975586044 |
| 040 ## - CATALOGING SOURCE | |
| Transcribing agency | Nust |
| 082 ## - DEWEY DECIMAL CLASSIFICATION NUMBER | |
| Classification number | 370.196,DIL |
| 100 ## - MAIN ENTRY--PERSONAL NAME | |
| Personal name | Dil, anwar |
| 9 (RLIN) | 6677 |
| 245 ## - TITLE STATEMENT | |
| Title | Intercultural Learning : |
| Remainder of title | U.S International University (Vol-2 ) / |
| Statement of responsibility, etc. | Anwar Dil |
| 260 ## - PUBLICATION, DISTRIBUTION, ETC. | |
| Place of publication, distribution, etc. | Islamabad |
| Name of publisher, distributor, etc. | Int Forum |
| Date of publication, distribution, etc. | 2007 |
| 300 ## - PHYSICAL DESCRIPTION | |
| Extent | 552 p.; |
| 505 ## - FORMATTED CONTENTS NOTE | |
| Formatted contents note | Some Remembrances of Learning Together (Page-17), List of Illustrations (Page-533). |
| 942 ## - ADDED ENTRY ELEMENTS (KOHA) | |
| Source of classification or shelving scheme | |
| Koha item type | Book |
| Call number prefix | 370.196,DIL |
| Withdrawn status | Lost status | Source of classification or shelving scheme | Damaged status | Not for loan | Permanent Location | Current Location | Shelving location | Date acquired | Full call number | Barcode | Date last seen | Price effective from | Koha item type | Public note |
|---|---|---|---|---|---|---|---|---|---|---|---|---|---|---|
| Military College of Signals (MCS) | Military College of Signals (MCS) | General Stacks | 12/12/2016 | 370.196,DIl | MCS33787 | 12/08/2016 | 12/12/2016 | Book | Almirah No.54, Shelf No.1 |
